Datum a čas kvízu
31.5
Celkem bodů
Celkový počet nahraných bodů na tomto kvízu bez doplňovacích otázek.
2.
Pořadí na kvízu
Konečné umístění týmu na tomto kvízu.
Zaznamenané odpovědi
| # | Otázka | Odpověď | Body | Výsledky |
|---|---|---|---|---|
| 1. | Šedesátiletý podnikatel, obžal... | Antonio Koláček | 0 | |
| 2. | Minulý čtvrtek jsme se dozvědě... | Grónsko | 1 | |
| 3. | Již 16. ročník přehlídky novéh... | Letní Letná | 1 | |
| 4. | Po sedmi letech byla sesazena... | Microsoft | 0 | |
| 5. | Mezinárodní tenisová federace... | o divokou kartu | 0 | |
| 6. | Téma o slavných zločincích jst... | Parkerová, Barrow | 0.5 | |
| 7. | Ve kterém roce byl zastřelen "... | v roce 2006 | 0 | |
| 8. | Za co přesně byl Al Capone, je... | za krácení daně | 1 | |
| 9. | V roce 2007 došlo u nás k tzv.... | D) 540 miliónů Kč | 0 | |
| 10. | Do historie nejednou zasáhli a... | 1C 2B 3A 4D | 1 |